Il volo della sirena : La storia vera di Diana Casas

Guardat en:
Dades bibliogràfiques
Autor principal: Giménez, Liliana
Format: Llibre
Idioma:anglès
Publicat: Roma Di Renzo 2000
Etiquetes: Afegir etiqueta
Sense etiquetes, Sigues el primer a etiquetar aquest registre!

MARC

LEADER 00000nam a2200000 4500
005 20231114094307.0
008 231114b |||||||| |||| 00| 0 eng d
020 |a 8883230159 
040 |c C 
082 |a 853.914 
100 |a Giménez, Liliana 
245 |a Il volo della sirena  |b : La storia vera di Diana Casas 
260 |a Roma  |b Di Renzo  |c 2000 
942 |2 ddc  |c BK  |n 0 
952 |0 0  |1 0  |2 ddc  |4 0  |6 853_914000000000000_GIM_ILV  |7 1  |9 208  |a GE  |b GE  |d 2023-11-14  |l 0  |o 853.914 GIM ILV  |p 2681  |r 2023-11-14 09:43:49  |w 2023-11-14  |y BK 
999 |c 172  |d 172